书目信息 |
| 题名: |
面包与自由
|
|
| 作者: | 克鲁泡特金 著 ;巴金 译 | |
| 分册: | ||
| 出版信息: | 北京 商务印书馆 1982 |
|
| 页数: | 241页 | |
| 开本: | 21cm | |
| 丛书名: | ||
| 单 册: | ||
| 中图分类: | D08 | |
| 科图分类: | ||
| 主题词: | 政治理论 | |
| 电子资源: | ||
| ISBN: | ||
| 000 | 00647nam0 2200241 45 | |
| 001 | 0182008717 | |
| 005 | 20050602084232.5 | |
| 010 | @dCNY1.00 | |
| 091 | @a3017.325 | |
| 100 | @a19950314d1982 emky0chiy0121 ea | |
| 101 | 1 | @achi@crus |
| 102 | @aCN@b110000 | |
| 105 | @ay z 000yy | |
| 200 | 10 | @a面包与自由@Amian bao yu zi you@f(俄)克鲁泡特金著@F(E)Ke Lu Pao Te Jin Zhu@g巴金译 |
| 210 | @a北京@c商务印书馆@d1982 | |
| 215 | @a241页@d21cm | |
| 606 | @a政治理论 | |
| 690 | @aD08@v3 | |
| 701 | 0 | @a克鲁泡特金@4著 |
| 702 | 0 | @a巴金@Aba jin@4译 |
| 801 | 0 | @aCN@b上海图书馆@c20040429 |
| 801 | 2 | @aCN@bNLC@c20040429 |
| 905 | @dD08@e2@f1@b91037 | |
| 面包与自由/(俄)克鲁泡特金著/巴金译.-北京:商务印书馆,1982 |
| 241页;21cm |
| ISBN :CNY1.00 |
| ● |
| 相关链接 |
|
|
|
|
正题名:面包与自由
索取号:D08/2
 
预约/预借
| 序号 | 登录号 | 条形码 | 馆藏地/架位号 | 状态 | 备注 |
| 1 | 0091035 | 001020004 | 第一借阅区/ [索取号:D08/2] | 在馆 | |
| 2 | 0091036 | 001019999 | 第一借阅区/ [索取号:D08/2] | 在馆 | |
| 3 | 0091037 | 001020013 | 第一样本阅览室/ [索取号:D08/2] | 在馆 |